| Поле | Инд. | ПП | Название | Значение |
|---|---|---|---|---|
| Тип записи | a | |||
| Библиографический уровень | m | |||
| 001 | Контрольный номер | RU/IS/BASE/307018943 | ||
| 005 | Дата корректировки | 20140703180600.3 | ||
| 040 | a | Служба первич. каталог. | НБ ТвГУ | |
| b | Код языка каталог. | rus | ||
| e | Правила каталог. | PSBO | ||
| 041 | 0_ | a | Код языка текста | rus |
| 080 | a | Индекс УДК | 316.356.4(043.3) | |
| 084 | a | Индекс другой классификации/Индекс ББК | С032.4я031 | |
| a | Индекс другой классификации/Индекс ББК | С545я031 | ||
| 090 | a | Полочн. индекс | С032.4 | |
| x | Авторский знак | Ш 69 | ||
| 100 | 1_ | a | Автор | Шлыков Роман Владимирович |
| q | Полное имя | Шлыков Р. В. | ||
| 245 | 10 | a | Заглавие | Стратегия обеспечения национальных интересов России в Кавказском регионе: социально-философский анализ |
| b | Продолж. заглавия | автореф. дис. ... канд. филос. наук : 09.00.01 | ||
| c | Ответственность | Рос. новый ун-т (РосНОУ), Каф. философии и общ. гуманит. дисциплин | ||
| 260 | a | Место издания | Тверь | |
| b | Издательство | Цифровичок | ||
| c | Дата издания | 2009 | ||
| 300 | a | Объем | 20 с. | |
| 504 | a | Библиография | Библиогр. в конце кн. | |
| 650 | a | Основная рубрика | Социальная философия | |
| 650 | 14 | a | Основная рубрика | Исторический процесс |
| x | Основная подрубрика | Субъекты | ||
| 650 | 14 | a | Основная рубрика | Нации |
| z | Географическая подрубрика | Кавказский регион | ||
| 650 | 14 | a | Основная рубрика | Этносоциология |
| 653 | a | Ключевые слова | Авторефераты | |
| a | Ключевые слова | Исторический процесс | ||
| a | Ключевые слова | Кавказский регион | ||
| a | Ключевые слова | Нации | ||
| a | Ключевые слова | Национальные интересы | ||
| a | Ключевые слова | Социальная философия | ||
| a | Ключевые слова | Субъекты исторического процесса | ||
| a | Ключевые слова | Этносоциология | ||
| 920 | a | Оператор | Густ | |
| 930 | a | Новая/Ретро | авторефераты | |
| 952 | c | Вид литературы | А/Р н | |
| 954 | a | Дата поступления на обработку | 20090924 |